000 00320 a2200109 4500
001 ART_18417
005 20260410161701.0
008 260409a
245 1 0 _aAlgunos comentarios sobre bienes personales
100 1 _aGualtieri, Orlando A.
773 0 _tRevista Impuestos
_g- NÂș 1 (ene. 2013)
_wREV639
999 _c15224
_d15224